000 01478nam a2200385 i 4500
999 _c22658
_d22658
001 C00609977
003 OSt
005 20230103094349.0
007 ta
008 220803s2021 pe gr 000 0 spa
017 _a2021-05532
020 _a9786124788147
040 _apelibn
_bspa
_erda
_cpelibn
041 _aspa
082 0 4 _a808.00141/H83
_bH83
100 1 _aHuamán, Miguel Ángel,
_d1954-,
_eautor.
_948806
245 1 4 _aLas palabras que debo decir :
_bensayo sobre las imágenes de nuestra identidad nacional /
_cMiguel Ángel Huamán Villavicencio.
250 _aPrimera edición.
264 3 1 _aLima :
_bDedo Crítico Editores ;
_aArequipa :
_bEditorial Apóstrofe,
_c2021.
264 3 3 _aLima :
_bMantaraya.
300 _a81 páginas ;
_c21 cm.
336 _aTexto
_2rdacontent
337 _asin mediación
_2rdamedia
338 _avolumen
_2rdacarrier
504 _aIncluye referencias bibliográficas.
650 1 8 _aAnálisis del discurso literario
_z-Perú.
_948807
650 2 8 _aAnálisis del discurso
_x-Aspectos sociales
_z-Perú.
_948808
650 2 8 _aIdentidad de grupo en la literatura.
_948809
650 2 8 _aLiteratura peruana
_x-Historia y crítica.
_948810
942 _2ddc
_cLIBROS